000 00633cam a22002172 4500
001 0000007292
005 20151217155833.0
008 071218s xx 000 0 eng d
020 _a9966251103 :
_cKES 240
040 _aKABU
_cKABU
100 1 _aAseka, Eric M.
_@0000158519
245 1 0 _aMzee Jomo Kenyatta /
_cEric M. Aseka.
250 _aRev. ed.
260 _aNairobi :
_bE. A. E. P.,
_c2001.
300 _a67 p.
650 0 _aKenyatta, Jomo.
_@0000158520
650 0 _aPoliticians
_vBiography
_zKenya.
_@0000158503
908 _a071218
950 _@1
999 _c13073
_d13073